Дело о путешествии их императорских величеств в Данию

Доступно только в Электронных читальных залах Найти на картеНа карте
RUSMARC
00003746nmc2a22002533x 450
00151c29174-d7b2-4b58-ae57-2ed46018a411
00520241123042758.0
100##$a20240613l18961896k l0rusy0189 ca
1010#$arus
$afre
$aeng
$adat
102##$aRU
105##$ay###
1222#$ad
2001#$aДело о путешествии их императорских величеств в Данию
$j3 февраля - 12 октября 1896 г.
215##$a37 л.
$d36,5х26 см
251##$cДело
300##$aНа обложке имеются карандашные пометы
300##$aНа русском, французском, английском и датском языках
371##$aДокумент не является опубликованным и широко распространяемым
461#0$1001RusGRCC00079571
$12001
$aКанцелярия Министерства Императорского двора
$1251
$cФонд
$1852
$j472
462#0$10014a9ab403-66ba-4ec9-bbd8-469ccea687e5
$12001
$aКанцелярия Министерства Императорского двора
$1251
$cОпись
$1852
$j44
$l490-2525
801#0$aRU
$bРГИА
$c20240613
$gRCR
801#1$aRU
$bГлавНИВЦ
$c20240613
$2rusmarc
801#2$aRU
$bПБ им. Б.Н. Ельцина
$c20241123
$gRCR
$2rusmarc
850##$aРГИА
852##$aРГИА
$eФедеральное казенное учреждение "Российский государственный исторический архив" (РГИА)
$j6
937##$hРГИА
$d12417020
$aASBIBLIO_SCAN
035##$aRusGRCC00079567
856##$uhttp://readingroom.main.prlib.ru/item.aspx?id_node=n195020394&mode=full
Формат отображения